000 00378nam a2200169Ia 4500
003 OSt
005 20240208114116.0
008 170619s9999 xx 000 0 und d
020 _a9780071126007
040 _cIIMT ENGINEERING COLLEGE
100 _aAtinuo
245 0 _aDigital Filters
260 _bNew Delhi:TMH
260 _c1999
546 _aENGLISH
942 _2ddc
_c01
999 _c16126
_d16126